| 000 | 00442nam a2200157Ia 4500 | ||
|---|---|---|---|
| 008 | 230312s9999||||xx |||||||||||||| ||und|| | ||
| 020 | _a0-324-06972-3 | ||
| 082 |
_a658.1511 _bHAN-M |
||
| 100 | _aHansen,Don R. | ||
| 245 | 0 | _aManagement Accounting | |
| 260 |
_bSouth Western _aAustralia _c2003 |
||
| 300 | _a880 | ||
| 546 | _aEng. | ||
| 650 |
_aManagement _vintroduction the role , history and direction of management accounting |
||
| 942 | _cBK | ||
| 999 |
_c5007 _d5007 |
||